000 00457nam a2200145Ia 4500
008 090124s9999 xx 000 0 und d
082 _b402595
245 _a असा इतिहास अशी माणसे
250 _a1
260 _bदेवळे श.रा.
_c1991
300 _a94
630 _a असा इतिहास अशी माणसे
730 _a असा इतिहास अशी माणसे
942 _cBOOK
999 _c199055
_d199055